Top 100 PDC World Rankings - Statistics

General Stats
  • This quiz has been taken 25 times
  • The average score is 46 of 100
Answer Stats
Rank Country Player % Correct
2 Scotland Gary Anderson
100%
30 Australia Kyle Anderson
100%
8 England Phil Taylor
100%
4 England Adrian Lewis
95%
1 Netherlands Michael van Gerwen
95%
3 Scotland Peter Wright
95%
9 Netherlands Raymond van Barneveld
95%
6 England James Wade
90%
34 Wales Jamie Lewis
90%
7 Austria Mensur Suljovic
90%
11 England Michael Smith
90%
16 Australia Simon Whitlock
90%
26 Netherlands Vincent van der Voort
90%
17 Northern Ireland Daryl Gurney
86%
18 Wales Gerwyn Price
86%
32 Scotland John Henderson
81%
10 Netherlands Jelle Klaasen
76%
24 Wales Mark Webster
76%
14 Scotland Robert Thornton
76%
42 Belgium Ronny Huybrechts
76%
27 Northern Ireland Brendan Dolan
71%
28 Spain Cristo Reyes
71%
31 England Darren Webster
71%
25 England Steve Beaton
71%
67 Ireland William O'Connor
71%
47 Belgium Dimitri van den Bergh
67%
12 Belgium Kim Huybrechts
67%
41 Germany Max Hopp
67%
20 England Mervyn King
67%
49 England Rob Cross
67%
44 Austria Rowby-John Rodriguez
67%
21 England Stephen Bunting
67%
5 England Dave Chisnall
62%
53 South Africa Devon Petersen
62%
13 England Ian White
62%
66 Netherlands Jeffrey de Zwaan
62%
65 Greece John Michael
62%
48 Wales Jonny Clayton
62%
43 Netherlands Jermaine Wattimena
57%
29 England Justin Pipe
57%
90 Poland Krzysztof Ratajski
57%
87 Germany Martin Schindler
52%
92 Australia Paul Nicholson
52%
23 England Terry Jenkins
52%
19 England Alan Norris
48%
55 England Andy Hamilton
48%
64 England Andy Jenkins
48%
56 Netherlands Dirk van Duijvenbode
48%
22 England Joe Cullen
48%
95 Ireland Steve Lennon
48%
36 England Chris Dobey
43%
88 England Ryan Searle
43%
40 England Andrew Gilding
38%
15 Netherlands Benito van de Pas
38%
52 England Keegan Brown
38%
50 England Ricky Evans
38%
39 England Steve West
38%
84 Austria Zoran Lerchbacher
38%
37 Netherlands Christian Kist
33%
46 England Kevin Painter
33%
97 England Wayne Jones
33%
58 Netherlands Jan Dekker
29%
80 Finland Kim Viljanen
29%
59 England James Richardson
24%
35 England James Wilson
24%
57 Netherlands Jeffrey de Graaf
24%
51 England Josh Payne
24%
98 England Kirk Shepherd
24%
73 Belgium Mike de Decker
24%
91 Wales Robert Owen
24%
60 Netherlands Ron Meulenkamp
24%
63 England Wes Newton
24%
77 England Darren Johnson
19%
33 England Jamie Caven
19%
96 Netherlands Jimmy Hendriks
19%
70 England Mark Walsh
19%
61 Ireland Mick McGowan
19%
75 England Richard North
19%
83 England Ryan Meikle
19%
62 England Andy Boulton
14%
54 England Dave Pallett
14%
45 England Joe Murnan
14%
72 England Matt Clark
14%
86 England Peter Hudson
14%
38 England Robbie Green
14%
69 England Ted Evetts
14%
93 Scotland Jamie Bain
10%
94 Wales Jonathan Worsley
10%
89 Scotland Mark Barilli
10%
99 England Matthew Dennant
10%
74 Netherlands Vincent Kamphuis
10%
79 Netherlands Yordi Meeuwisse
10%
71 Netherlands Berry van Peer
5%
85 England Chris Quantock
5%
78 England John Bowles
5%
100 England Mick Todd
5%
81 England Peter Jacques
5%
76 England Richie Corner
5%
68 England Simon Stevenson
5%
82 England Tony Newell
5%
No matching quizzes found
Score Distribution
Percent of People with Each Score
Percentile by Number Answered
Your Score History
You have not taken this quiz